000 01265cam a2200325 i 4500
001 12775267
003 EG-ScBUE
005 20240909100606.0
008 020515t2002 gw a f b 101 0 eng d
020 _a3540437754 (softcover : alk. paper)
020 _a9783540437758
040 _aDLC
_beng
_erda
_cDLC
_dDLC
_dEG-ScBUE
082 0 4 _a511.3
_222
_bDNA
111 2 _aInternational Workshop on DNA-Based Computers
_n(7th :
_d2001 :
_cTampa, Fla.)
_937292
245 1 0 _aDNA computing :
_b7th International Workshop on DNA-Based Computers, DNA 7, Tampa, FL, USA, June 10-13, 2001 : revised papers /
_cNatasa Jonoska, Nadrian C. Seeman (eds.)
264 1 _aBerlin :
_bSpringer,
_c[2002]
264 4 _cc2002
300 _axi, 392 pages :
_billustrations ;
_c24 cm.
336 _2rdacontent
_atext
_btxt
337 _aunmediated
_2rdamedia
_bn
338 _avolume
_bnc
_2rdacarrier
490 0 _aLecture notes in computer science ;
_v2340
504 _aIncludes bibliographical references and index.
650 7 _aMolecular computers
_vCongresses.
_2BUEsh
_937293
653 _bCOMSCI
_cJanuary2015
655 _vReading book
_934232
700 1 _aJonoska, NataĊĦa,
_d1961-
_eeditor.
_937294
700 1 _aSeeman, Nadrian C.,
_d1945-
_eeditor.
_937295
942 _2ddc
_cBB
999 _c18923
_d18895